Statistics for Russian Monarchs

Click here to take the quiz!

General Stats

  • This quiz has been taken 45 times
  • The average score is 25 of 39

Answer Stats

HouseYearsAnswer% Correct
Romanov1894-1917Nicholas II
95%
Romanov1762-1796Catherine II
95%
Romanov1825-1855Nicholas I
95%
Romanov1855-1881Alexander II
91%
Romanov1801-1825Alexander I
91%
Romanov1762Peter III
91%
Romanov1727-1730Peter II
91%
Romanov1725-1727Catherine I
91%
Romanov1682-1725Peter I
91%
Rurik1353-1359Ivan II
86%
Romanov1881-1894Alexander III
86%
Rurik1533-1584Ivan IV
86%
Rurik1462-1505Ivan III
86%
Rurik1325-1340Ivan I
86%
Romanov1796-1801Paul
82%
Romanov1613-1645Michael I
64%
Godunov1598-1605Boris
64%
Brunswick1740-1741Ivan VI
64%
Romanov1741-1762Elizabeth
64%
Romanov1645-1676Alexis
59%
Romanov1730-1740Anna
59%
Godunov1605Feodor II
55%
Rurik1584-1598Feodor I
55%
Romanov1676-1682Feodor III
55%
Rurik1434-1435Vasily
50%
Rurik1605-1606False Dmitry
45%
Rurik1505-1533Vasily III
45%
Rurik1425-1434 | 1435-1446 | 1447-1462Vasily II
45%
Rurik1389-1425Vasily I
45%
Shuysky1606-1610Vasily IV
41%
Rurik1359-1389 | 1446-1447Dmitry
41%
Rurik1303-1325 | 1434Yuri
36%
Rurik1283-1303Daniel
32%
Rurik1340-1353Simeon
32%
Vasa1610-1612Wladyslaw
32%

Score Distribution

Percentile by Number Answered

Percent of People with Each Score

Your Score History

You have not taken this quiz